Акт о встрече частей Волховского фронта с частями Ленинградского фронта на восточной окраине Рабочего поселка № 1

RUSMARC
00004898cbm0a2200301#x 450
001078d1ccf-1999-4543-b9ff-e9cab487f11d
00520240124100511.0
100##$a20240110j19430118k###0rusy50 ca
1010#$arus
102##$aRU
1220#$ad19430118##
2001#$aАкт о встрече частей Волховского фронта с частями Ленинградского фронта на восточной окраине Рабочего поселка № 1
$j18 января 1943 г.
251##$cДокумент
300##$aПодлинник
461#0$12001
$aФ. 309
$1251
$cФонд
$1852
$j309
462#0$12001
$aОп. 4073
$1251
$cОпись
$1852
$j4073
462#0$12001
$aД. 171
$vЛ. 83
$1251
$cДело
$1852
$j171
60102$2nlr_sh
$3RU\NLR\AUTH\661532602
$aЛенинградский фронт
$c1941 - 1945
$jДокументы и материалы
60102$2prlib_sh
$3LIBNET\UAF\0000110285
$aВолховский фронт
$c1942, июнь - 1944, февраль
$jДокументы и материалы
605##$2prlib_sh
$3LIBNET\UAF\0000088514
$aВторая мировая война в архивных документах (Комплекс оцифрованных архивных документов, кино- и фотоматериалов)
$lколлекция
6061#$2nlr_sh
$3RU\NLR\AUTH\661264807
$aВеликая Отечественная война
$z1941 - 1945
$yЛенинградская область
$jДокументы и материалы
6061#$2nlr_sh
$3RU\NLR\AUTH\661253397
$aБлокада Ленинграда
$z1941 - 1944
$xПрорыв
$z1943
$jДокументы и материалы
686##$a63.3(2)622,12ю11
$vLBC/M
$2rubbk
801#0$aRU
$bПБ им. Б.Н. Ельцина
$c20240110
801#1$aRU
$bПБ им. Б.Н. Ельцина
$c20240110
$2rusmarc
801#2$aRU
$bПБ им. Б.Н. Ельцина
$c20240112
$2rusmarc
850##$aЦентральный архив Министерства обороны Российской Федерации
852##$aЦА МО РФ
$jЛ. 83
035##$aLIBNET\0001372857
937##$d190392098
$hФедеральное архивное агентство
8564#$uhttp://readingroom.main.prlib.ru/item.aspx?id_node=n190392098&mode=full
Формат отображения